000 00532nam a2200181Ia 4500
008 240925s9999 xx 000 0 und d
020 _a805317538
082 _a005.74 ELM
100 _aElmasri, Ramez ; Navathe ,Shamkant B.
245 0 _aFundamentals of Database Systems
250 _a2nd
260 _aRedwood City:
_bBenjamin Cummings
_c,1994.
300 _axvii,781p.
_bNA
_fPhotocopy
500 _aIncludes Index
600 _aEngineering Technology
650 _aComputer science, information & general works
942 _cBK
999 _c6444
_d6444